000 00601nam a2200205Ia 4500
005 20250508163757.0
008 008 250505s9999 xx 000 0 eng d
020 _a0-8039-5916-8
037 _aBooks to be hide in OPAC
040 _aFEDL
_beng
_cFEDL
041 _aeng
_2eng
084 _a001.42, FEL
_qFEDL
100 _aFeldman Matrha S
_9776311
245 0 _aStrategies for interpreting qualitative data
260 _aThousand Oaks, USA
_bSage Publications
_c1995
300 _avii,71p.
650 _aResearch Methods
942 _cHB
_h001.42, FEL
999 _c1385198
_d1385198